[Event "XVI Weekend A"]
[Site "Ceriano Laghetto ITA"]
[Date "2007.03.31"]
[Round "3"]
[White "Tomassoni, Leonardo"]
[Black "Troiani, Mauro"]
[Result "1-0"]
[WhiteElo "2024"]
[BlackElo "2048"]
[PlyCount "110"]
[EventDate "2007.03.30"]

1. e4 c5 2. Nf3 d6 3. d4 cxd4 4. Nxd4 Nf6 5. Nc3 Nc6 6. Bc4 Qb6 7. Nf5 Bxf5 8.
exf5 Qc5 9. Bd3 d5 10. O-O O-O-O 11. Bf4 a6 12. a3 d4 13. Ne4 Nxe4 14. Bxe4 e5
15. fxe6 fxe6 16. Qg4 Re8 17. b4 Qb6 18. Rfe1 g5 19. Qxg5 Be7 20. Qh6 Bd8 21.
Qh3 Bc7 22. Bxc7 Qxc7 23. Bd5 Kb8 24. Rxe6 Nd8 25. Rxe8 Rxe8 26. Qg3 Re5 27.
Bb3 Ka7 28. h3 Qe7 29. Qf4 Nc6 30. Rd1 Re4 31. Qf7 Qh4 32. Bd5 Rf4 33. Qg7
Qxf2+ 34. Kh2 Qxc2 35. Bxc6 Qxc6 36. Rxd4 Rf2 37. Qg3 Rc2 38. Rg4 Qb6 39. Re4
Ra2 40. Qe3 Qxe3 41. Rxe3 Kb6 42. h4 Kb5 43. h5 Ka4 44. h6 Rxa3 45. Re7 b5 46.
Rxh7 Kxb4 47. Ra7 Rc3 48. Rxa6 Rc7 49. g4 Rh7 50. g5 Kc5 51. Rg6 b4 52. Rg7 Rh8
53. h7 b3 54. g6 Ra8 55. Rb7 Ra2+ 1-0

[Event "XVI Weekend A"]
[Site "Ceriano Laghetto ITA"]
[Date "2007.03.31"]
[Round "3"]
[White "Zacco, Remo"]
[Black "Pelizzola, Danilo"]
[Result "1/2-1/2"]
[WhiteElo "2011"]
[BlackElo "2035"]
[PlyCount "105"]
[EventDate "2007.03.30"]

1. d4 Nf6 2. c4 g6 3. Nc3 Bg7 4. e4 d6 5. f3 e5 6. d5 Nh5 7. Be3 O-O 8. Qd2
Qh4+ 9. g3 Nxg3 10. Qf2 Nxf1 11. Qxh4 Nxe3 12. Kf2 Nxc4 13. b3 Nb6 14. Rc1 Bd7
15. a4 Na6 16. a5 Nc8 17. Nge2 Nc5 18. Rb1 Nd3+ 19. Ke3 Nb4 20. Nc1 b6 21. Nd3
Nc2+ 22. Kd2 Nd4 23. Rhf1 bxa5 24. Ne2 Nb5 25. Ra1 Nb6 26. Rxa5 f5 27. Rc1 Rf7
28. Nb4 fxe4 29. fxe4 h5 30. Rg1 Kh7 31. Nc6 a6 32. Kd1 Bh6 33. Nd8 Rxd8 34.
Qxd8 Bg4 35. Ke1 Be3 36. Rxg4 Bf2+ 37. Kd2 hxg4 38. Rxa6 Kg7 39. Ra2 Bc5 40.
Qh4 Rf3 41. Kc2 Rf2 42. Kd1 Rf1+ 43. Kc2 Na3+ 44. Rxa3 Bxa3 45. Qxg4 Rf6 46. h4
Kf7 47. Kc3 Bc5 48. h5 gxh5 49. Qxh5+ Ke7 50. Ng3 Kd7 51. Qh7+ Ke8 52. Nf5 Rxf5
53. exf5 1/2-1/2

[Event "XVI Weekend A"]
[Site "Ceriano Laghetto ITA"]
[Date "2007.04.01"]
[Round "4"]
[White "Barlocco, Carlo"]
[Black "Cazzaniga, Walter"]
[Result "1/2-1/2"]
[WhiteElo "2183"]
[BlackElo "2157"]
[PlyCount "126"]
[EventDate "2007.03.30"]

1. d4 Nf6 2. Nc3 d5 3. Bg5 Bf5 4. f3 c6 5. Qd2 Nbd7 6. O-O-O h6 7. Bh4 Qa5 8.
e4 dxe4 9. fxe4 Bh7 10. Nf3 O-O-O 11. e5 Nd5 12. Bc4 g5 13. Bg3 e6 14. Nxd5
Qxd2+ 15. Rxd2 cxd5 16. Bd3 Bg6 17. Bxg6 fxg6 18. Rf1 Be7 19. Rdf2 Rdf8 20. Ne1
Rf5 21. c3 Rhf8 22. h3 b5 23. Nc2 Nb6 24. Ne3 Rxf2 25. Rxf2 Rxf2 26. Bxf2 Nc4
27. b3 Nxe3 28. Bxe3 Kd7 29. Kc2 Kc6 30. Kd3 a6 31. Bd2 h5 32. g4 Bd8 33. c4
dxc4+ 34. bxc4 bxc4+ 35. Kxc4 Be7 36. Bc1 Bd8 37. Ba3 Ba5 38. Bc1 Bd8 39. Be3
Be7 40. Bd2 Bd8 41. Bb4 Bc7 42. Be7 Ba5 43. Bxg5 Be1 44. Be7 Bg3 45. gxh5 gxh5
46. Bb4 Bh4 47. Bd2 Be7 48. Be1 Bg5 49. Bg3 Be7 50. Bf4 Ba3 51. Bd2 Be7 52. Bb4
Bh4 53. Bc5 Be1 54. Ba3 Bh4 55. Bb2 Be7 56. Bc3 Bd8 57. Be1 Be7 58. Bf2 Bg5 59.
Be1 Be7 60. Bg3 Ba3 61. Bh4 Bc1 62. Bf6 Ba3 63. Kd3 Kd5 1/2-1/2

[Event "XVI Weekend A"]
[Site "Ceriano Laghetto ITA"]
[Date "2007.04.01"]
[Round "4"]
[White "Cavallini, Gianfranco"]
[Black "Salvador, Roland"]
[Result "0-1"]
[WhiteElo "2020"]
[BlackElo "2450"]
[PlyCount "114"]
[EventDate "2007.03.30"]

1. e4 c5 2. Nf3 Nc6 3. Nc3 Nf6 4. d4 cxd4 5. Nxd4 e5 6. Ndb5 d6 7. Bg5 a6 8.
Na3 Be6 9. Nc4 Rc8 10. Bd3 Be7 11. Ne3 Nxe4 12. Nxe4 Bxg5 13. Bc4 Be7 14. Bxe6
fxe6 15. Qg4 Kf7 16. Rd1 Qa5+ 17. b4 Qxb4+ 18. c3 Qb5 19. Rxd6 Nd4 20. Qd1 Rhd8
21. a4 Qb2 22. Rxd8 Rxd8 23. Qh5+ Kg8 24. O-O Nc6 25. Qg4 Qb3 26. Nc4 Kf7 27.
Qh5+ Kg8 28. Qg4 Kf7 29. Qh5+ Kf8 30. Ncd2 Qa2 31. f4 Kg8 32. fxe5 g6 33. Qf3
Nxe5 34. Qh3 Kg7 35. c4 Rxd2 36. Nxd2 Qxd2 37. Qxe6 Qd6 38. Qxd6 Bxd6 39. Rb1
b6 40. Rd1 Nxc4 41. Kf2 Bc5+ 42. Kf3 Nb2 43. Rd7+ Kf6 44. a5 bxa5 45. Ke4 a4
46. Rc7 Bg1 47. h4 a5 48. Rc6+ Ke7 49. Rc2 a3 50. Rc3 a4 51. Kd5 Bf2 52. g3 a2
53. Ra3 Nd3 54. h5 Nb4+ 55. Kc4 Bd4 56. Rxa4 a1=Q 57. Rxa1 Bxa1 0-1

[Event "XVI Weekend A"]
[Site "Ceriano Laghetto ITA"]
[Date "2007.04.01"]
[Round "4"]
[White "Gagliardi, Christian"]
[Black "Di Lascio, Savino"]
[Result "1-0"]
[WhiteElo "2112"]
[BlackElo "2041"]
[PlyCount "49"]
[EventDate "2007.03.30"]

1. e4 c6 2. d4 d5 3. exd5 cxd5 4. c4 Nf6 5. Nc3 Nc6 6. Bg5 Qa5 7. a3 Ne4 8. Bd2
Nxd2 9. Qxd2 e6 10. c5 Bd7 11. Nf3 Be7 12. Bd3 Bf6 13. Be2 g5 14. O-O g4 15.
Qf4 gxf3 16. Qxf6 fxe2 17. Qxh8+ Ke7 18. Qxa8 exf1=Q+ 19. Rxf1 Nxd4 20. Qxb7
Qxc5 21. Re1 Kd6 22. Qb8+ Ke7 23. Qe5 Bc6 24. Ne4 Ne2+ 25. Kh1 1-0

[Event "XVI Weekend A"]
[Site "Ceriano Laghetto ITA"]
[Date "2007.04.01"]
[Round "4"]
[White "Galli, Fabio"]
[Black "Zacco, Remo"]
[Result "1-0"]
[WhiteElo "2066"]
[BlackElo "2011"]
[PlyCount "63"]
[EventDate "2007.03.30"]

1. e4 d6 2. f4 Nf6 3. Nc3 g6 4. Nf3 Bg7 5. g3 c5 6. Bg2 Nc6 7. O-O Bg4 8. h3
Bxf3 9. Bxf3 Qd7 10. Bg2 e6 11. d3 Nh5 12. Kh2 Nf6 13. Be3 e5 14. Qd2 h5 15. f5
gxf5 16. Rxf5 Ne7 17. Rf2 h4 18. g4 Ng6 19. Rf5 Nf4 20. Bxf4 Nxg4+ 21. hxg4
exf4 22. Bf3 O-O-O 23. Kh3 Be5 24. Rb1 Rdg8 25. Nd5 Rg6 26. c3 Rhg8 27. d4 Bg7
28. Rd1 c4 29. Qe2 b5 30. a4 Re8 31. axb5 Qxb5 32. Ne7+ 1-0

[Event "XVI Weekend A"]
[Site "Ceriano Laghetto ITA"]
[Date "2007.04.01"]
[Round "4"]
[White "Lapiccirella, Daniele"]
[Black "Valsecchi, Alessio"]
[Result "1/2-1/2"]
[WhiteElo "2153"]
[BlackElo "2096"]
[PlyCount "29"]
[EventDate "2007.03.30"]

1. d4 Nf6 2. c4 c5 3. dxc5 e6 4. Nc3 Bxc5 5. Nf3 O-O 6. e3 Nc6 7. Be2 a6 8. O-O
d5 9. cxd5 exd5 10. a3 Bf5 11. b4 Ba7 12. Bb2 d4 13. exd4 Nxd4 14. Nxd4 Qxd4
15. Bf3 1/2-1/2

[Event "XVI Weekend A"]
[Site "Ceriano Laghetto ITA"]
[Date "2007.04.01"]
[Round "4"]
[White "Pelizzola, Danilo"]
[Black "Brugo, Marco"]
[Result "0-1"]
[WhiteElo "2035"]
[BlackElo "2085"]
[PlyCount "102"]
[EventDate "2007.03.30"]

1. e4 e6 2. d4 d5 3. exd5 exd5 4. Bd3 Bd6 5. Nf3 Bg4 6. O-O Nc6 7. Re1+ Nge7 8.
c3 Qd7 9. Nbd2 O-O-O 10. b4 Ng6 11. a4 Rde8 12. Rxe8+ Rxe8 13. a5 Nf4 14. Bf1
Qf5 15. b5 Nb8 16. Ba3 Bxa3 17. Rxa3 Re6 18. c4 dxc4 19. Nxc4 a6 20. Ne3 Qg6
21. Ne5 Bxd1 22. Nxg6 hxg6 23. g3 Be2 24. d5 Nxd5 25. Bxe2 Nxe3 26. fxe3 axb5
27. Bxb5 Nc6 28. a6 bxa6 29. Bxa6+ Kd8 30. Bc4 Rf6 31. Kg2 Ke7 32. Bb5 Ne5 33.
Ra8 c6 34. Be2 g5 35. Bd1 Rd6 36. Ra7+ Rd7 37. Rxd7+ Kxd7 38. Kf2 Kd6 39. h3
Kc5 40. Ke2 Kb4 41. Kd2 Nc4+ 42. Kc1 Nxe3 43. Bh5 f6 44. Bf3 c5 45. Be2 Kc3 46.
h4 gxh4 47. gxh4 c4 48. h5 f5 49. Bf3 Kd3 50. Bc6 f4 51. Bf3 c3 0-1

[Event "XVI Weekend A"]
[Site "Ceriano Laghetto ITA"]
[Date "2007.04.01"]
[Round "4"]
[White "Raineri, Valerio"]
[Black "Bozzali, Ermanno"]
[Result "0-1"]
[WhiteElo "2143"]
[BlackElo "2062"]
[PlyCount "136"]
[EventDate "2007.03.30"]

1. e4 c5 2. Nf3 d6 3. d4 cxd4 4. Nxd4 Nf6 5. Nc3 a6 6. Be3 e5 7. Nb3 Be6 8. f3
h5 9. Qd2 Nbd7 10. O-O-O Be7 11. g3 b5 12. Nd5 Bxd5 13. exd5 Nb6 14. Bxb6 Qxb6
15. Na5 h4 16. Bh3 Nh5 17. Nc6 Bf6 18. Bg4 Kf8 19. f4 exf4 20. gxf4 a5 21. Rhe1
b4 22. Re4 Qc5 23. Kb1 Bc3 24. Qe2 Nf6 25. Rc4 Qb5 26. Bf3 Re8 27. Qd3 Qb6 28.
Nd4 Bxd4 29. Qxd4 Qxd4 30. Rcxd4 Nd7 31. Re4 Rxe4 32. Bxe4 Nc5 33. Bf3 Rh6 34.
Rf1 Ke7 35. Kc1 Kf6 36. Kd2 Rh8 37. Ke3 Rc8 38. Rf2 Na4 39. b3 Nc3 40. Be2
Nxd5+ 41. Kd4 Nc3 42. Bc4 Re8 43. Bd3 Rc8 44. Rf1 Rc5 45. Ra1 Nd5 46. Ke4 Ne7
47. a3 bxa3 48. Rxa3 Nf5 49. c4 Ne7 50. Ra1 Nc6 51. Rd1 g6 52. Be2 Ke7 53. Kf3
Nd8 54. Kg4 Ne6 55. Bd3 f5+ 56. Kxh4 Nd4 57. Rb1 Kf6 58. b4 axb4 59. Rxb4 Ne6
60. Kg3 Ra5 61. Rb3 Ra1 62. Rc3 Rg1+ 63. Kf2 Rg4 64. Be2 Rxf4+ 65. Kg3 Rd4 66.
Bf3 g5 67. Bd5 Nc5 68. Kf2 Rxd5 0-1

[Event "XVI Weekend A"]
[Site "Ceriano Laghetto ITA"]
[Date "2007.04.01"]
[Round "4"]
[White "Tomassoni, Leonardo"]
[Black "Mastroddi, Emiliano"]
[Result "0-1"]
[WhiteElo "2024"]
[BlackElo "2106"]
[PlyCount "106"]
[EventDate "2007.03.30"]

1. e4 c5 2. Nf3 d6 3. d4 cxd4 4. Nxd4 Nf6 5. Nc3 g6 6. Bc4 Bg7 7. O-O O-O 8.
Bb3 Nc6 9. Nde2 a6 10. a4 Bd7 11. Bg5 Na5 12. Ba2 b5 13. Ng3 Rc8 14. axb5 axb5
15. Qd2 Nc4 16. Bxc4 Rxc4 17. Rfd1 b4 18. Nd5 Nxd5 19. Qxd5 Rxc2 20. Qb7 h6 21.
Rxd6 Rc7 22. Qd5 hxg5 23. Rxg6 Be6 24. Rxg7+ Kxg7 25. Qxg5+ Kh8 26. Nh5 Qd4 27.
h3 Rc5 28. Qxe7 Rfc8 29. Qh4 Qe5 30. Ng3+ Kg7 31. Ra6 Qg5 32. Qxg5+ Rxg5 33.
Rb6 b3 34. Nf5+ Bxf5 35. exf5 Rc1+ 36. Kh2 Rc2 37. g4 Rxb2 38. Kg3 Rb1 39. f4
b2 40. fxg5 Rg1+ 41. Kh4 b1=Q 42. Rxb1 Rxb1 43. Kh5 Rb3 44. h4 Rb4 45. g6 fxg6+
46. fxg6 Rb5+ 47. g5 Ra5 48. Kg4 Ra4+ 49. Kh5 Ra5 50. Kg4 Kxg6 51. h5+ Kf7 52.
Kf4 Ke6 53. g6 Rxh5 0-1

[Event "XVI Weekend A"]
[Site "Ceriano Laghetto ITA"]
[Date "2007.04.01"]
[Round "4"]
[White "Troiani, Mauro"]
[Black "Johansson, Alexander"]
[Result "0-1"]
[WhiteElo "2048"]
[BlackElo "2018"]
[PlyCount "48"]
[EventDate "2007.03.30"]

1. d4 Nf6 2. c4 e6 3. Nc3 Bb4 4. Qc2 O-O 5. a3 Bxc3+ 6. Qxc3 Ne4 7. Qc2 f5 8.
Nf3 b6 9. g3 Bb7 10. Bg2 Nf6 11. O-O Qe8 12. Ne1 Bxg2 13. Nxg2 Nc6 14. e3 g5
15. f3 Qh5 16. b4 Rf7 17. Bb2 Ne7 18. Rae1 Raf8 19. a4 Ng6 20. a5 Qh3 21. Ra1
f4 22. exf4 gxf4 23. g4 Nxg4 24. fxg4 f3 0-1

[Event "XVI Weekend A"]
[Site "Ceriano Laghetto ITA"]
[Date "2007.04.01"]
[Round "5"]
[White "Bozzali, Ermanno"]
[Black "Lapiccirella, Daniele"]
[Result "1/2-1/2"]
[WhiteElo "2062"]
[BlackElo "2153"]
[PlyCount "55"]
[EventDate "2007.03.30"]

1. Nf3 d5 2. d4 Nf6 3. c4 c6 4. cxd5 cxd5 5. Nc3 Nc6 6. Bf4 a6 7. e3 Bg4 8. Be2
e6 9. h3 Bxf3 10. Bxf3 Bd6 11. Bxd6 Qxd6 12. O-O O-O 13. Qd2 b5 14. Rac1 Rac8
15. Rfd1 Ne7 16. Ne2 Nf5 17. g3 Qb6 18. Rxc8 Rxc8 19. Rc1 Rc6 20. Rxc6 Qxc6 21.
Qc3 Qxc3 22. Nxc3 Nd6 23. Kf1 Kf8 24. Ke1 Ke7 25. Kd2 Kd7 26. b3 Nfe4+ 27. Nxe4
Nxe4+ 28. Bxe4 1/2-1/2

[Event "XVI Weekend A"]
[Site "Ceriano Laghetto ITA"]
[Date "2007.04.01"]
[Round "5"]
[White "Brugo, Marco"]
[Black "Cavallini, Gianfranco"]
[Result "1-0"]
[WhiteElo "2085"]
[BlackElo "2020"]
[PlyCount "47"]
[EventDate "2007.03.30"]

1. d4 g6 2. c4 Bg7 3. Nc3 c5 4. d5 f5 5. Qc2 e5 6. e4 d6 7. f4 Ne7 8. Bd3 fxe4
9. Nxe4 b5 10. Nf3 O-O 11. fxe5 dxe5 12. O-O Nf5 13. cxb5 Bb7 14. Bc4 Nd7 15.
Neg5 e4 16. Qxe4 Qe8 17. d6+ Kh8 18. Qxb7 Rb8 19. Qd5 Nb6 20. Qe6 Nd4 21. Qxe8
Rbxe8 22. Nf7+ Kg8 23. d7 Nxf3+ 24. gxf3 1-0

[Event "XVI Weekend A"]
[Site "Ceriano Laghetto ITA"]
[Date "2007.04.01"]
[Round "5"]
[White "Di Lascio, Savino"]
[Black "Raineri, Valerio"]
[Result "1/2-1/2"]
[WhiteElo "2041"]
[BlackElo "2143"]
[PlyCount "88"]
[EventDate "2007.03.30"]

1. Nf3 Nf6 2. g3 g6 3. Bg2 Bg7 4. d3 d6 5. e4 e5 6. O-O O-O 7. Qe2 c5 8. h3 Nc6
9. c3 h6 10. Re1 Be6 11. Nbd2 Qd7 12. Kh2 Ne8 13. a4 f5 14. Nh4 Qf7 15. Nc4 f4
16. g4 Bf6 17. Nf3 g5 18. Rg1 Be7 19. Bf1 Nf6 20. Rg2 Qg6 21. Nfd2 f3 22. Nxf3
Bxc4 23. dxc4 Qxe4 24. Qxe4 Nxe4 25. Bd3 Nf6 26. Nd2 Kg7 27. b3 Rae8 28. Bb2
Bd8 29. Re1 Ne7 30. Ne4 Nxe4 31. Bxe4 Ba5 32. Rd1 Rf6 33. f3 Ng6 34. Kg3 Bc7
35. Rgd2 b6 36. b4 Ref8 37. Bc1 Nh4 38. Rd3 R8f7 39. Bd2 Ng6 40. Be3 Nf4 41.
Bxf4 exf4+ 42. Kg2 Re7 43. b5 Rfe6 44. Re1 Kf6 1/2-1/2

[Event "XVI Weekend A"]
[Site "Ceriano Laghetto ITA"]
[Date "2007.04.01"]
[Round "5"]
[White "Galli, Fabio"]
[Black "Gagliardi, Christian"]
[Result "0-1"]
[WhiteElo "2066"]
[BlackElo "2112"]
[PlyCount "76"]
[EventDate "2007.03.30"]

1. e4 g6 2. Nc3 Bg7 3. g3 d6 4. Bg2 c5 5. f4 Nc6 6. Nf3 e6 7. d3 Nge7 8. Be3
Nd4 9. Bf2 Qb6 10. Rb1 Bd7 11. O-O O-O 12. Nxd4 cxd4 13. Ne2 e5 14. c3 Rac8 15.
cxd4 exd4 16. Qd2 Bb5 17. b3 a5 18. a4 Ba6 19. b4 axb4 20. Rxb4 Qa5 21. Rfb1
Nc6 22. R4b2 Qc5 23. Rc2 Qa3 24. Nc1 Nb4 25. Rxc8 Rxc8 26. Bf1 Rc3 27. Ne2 Bxd3
28. Rxb4 Qxb4 29. Nxc3 Bxf1 30. Kxf1 dxc3 31. Qd1 Qc4+ 32. Qe2 Qxa4 33. e5 dxe5
34. fxe5 c2 35. Be3 Qa1+ 36. Qe1 Qxe5 37. Qd2 Qf5+ 38. Kg2 Qc8 0-1

[Event "XVI Weekend A"]
[Site "Ceriano Laghetto ITA"]
[Date "2007.04.01"]
[Round "5"]
[White "Johansson, Alexander"]
[Black "Tomassoni, Leonardo"]
[Result "0-1"]
[WhiteElo "2018"]
[BlackElo "2024"]
[PlyCount "102"]
[EventDate "2007.03.30"]

1. d4 Nf6 2. Nf3 g6 3. Bg5 Bg7 4. Nc3 d6 5. e4 a6 6. Be2 b5 7. a3 Bb7 8. Bxf6
Bxf6 9. O-O Nd7 10. Qd2 O-O 11. Rad1 c5 12. Nd5 Bg7 13. dxc5 Nxc5 14. e5 dxe5
15. Qe3 Bxd5 16. Qxc5 e6 17. Qe3 Qc7 18. h4 e4 19. Ng5 Qe5 20. g3 f5 21. Nh3
Qxb2 22. h5 gxh5 23. Nf4 Bh6 24. c3 Rac8 25. Rc1 Qxa3 26. Qd4 Qc5 27. Qd1 Rfd8
28. Nxh5 Qe7 29. f4 exf3 30. Bxf3 Be3+ 31. Kg2 Qg5 32. Bxd5 Rxd5 33. Qe1 Rcd8
34. Nf6+ Qxf6 35. Qxe3 Re5 36. Qf4 Re2+ 37. Rf2 Rxf2+ 38. Qxf2 Qg5 39. Rc2 Rd3
40. Re2 f4 41. Qxf4 Qxf4 42. gxf4 Kf7 43. Ra2 Rd6 44. Kf3 Rc6 45. Ke4 h5 46.
Rh2 Kg6 47. Rg2+ Kh6 48. Ke5 h4 49. Kf6 h3 50. Rg3 Kh5 51. Rxh3+ Kg4 0-1

[Event "XVI Weekend A"]
[Site "Ceriano Laghetto ITA"]
[Date "2007.04.01"]
[Round "5"]
[White "Mastroddi, Emiliano"]
[Black "Pelizzola, Danilo"]
[Result "1/2-1/2"]
[WhiteElo "2106"]
[BlackElo "2035"]
[PlyCount "36"]
[EventDate "2007.03.30"]

1. e4 e5 2. Nf3 Nc6 3. d4 exd4 4. Nxd4 Nf6 5. Nc3 Bb4 6. Nxc6 bxc6 7. Bd3 d5 8.
exd5 cxd5 9. O-O O-O 10. Bg5 c6 11. Qf3 Be7 12. Rae1 Be6 13. Ne2 Qd7 14. Ng3
Rae8 15. Nf5 Bd8 16. h4 Ne4 17. Bxd8 Rxd8 18. Ng3 Nxg3 1/2-1/2

[Event "XVI Weekend A"]
[Site "Ceriano Laghetto ITA"]
[Date "2007.04.01"]
[Round "5"]
[White "Salvador, Roland"]
[Black "Cazzaniga, Walter"]
[Result "1-0"]
[WhiteElo "2450"]
[BlackElo "2157"]
[PlyCount "55"]
[EventDate "2007.03.30"]

1. d4 Nf6 2. Nf3 g6 3. Nc3 d5 4. Bf4 Bg7 5. e3 O-O 6. Be2 c5 7. Ne5 Nc6 8. O-O
Bf5 9. Nxc6 bxc6 10. Be5 cxd4 11. exd4 Nd7 12. Bxg7 Kxg7 13. g4 Be6 14. f4 f6
15. Na4 Bf7 16. Qd2 Qc7 17. Rae1 a5 18. g5 fxg5 19. fxg5 e5 20. Bg4 Rae8 21.
Qc3 e4 22. Qh3 Re7 23. Re3 h5 24. gxh6+ Kh7 25. Qh4 Qd6 26. Bxd7 Rxd7 27. Nc5
Rdd8 28. Nb7 1-0

[Event "XVI Weekend A"]
[Site "Ceriano Laghetto ITA"]
[Date "2007.04.01"]
[Round "5"]
[White "Valsecchi, Alessio"]
[Black "Barlocco, Carlo"]
[Result "1/2-1/2"]
[WhiteElo "2096"]
[BlackElo "2183"]
[PlyCount "104"]
[EventDate "2007.03.30"]

1. e4 Nc6 2. Nf3 d6 3. d4 Bg4 4. c3 Nf6 5. Bd3 e5 6. Be3 Be7 7. Nbd2 O-O 8. h3
Bh5 9. g4 Bg6 10. d5 Nb8 11. h4 h5 12. g5 Nxd5 13. Nf1 Nb6 14. Ng3 Nc6 15. Qe2
Qc8 16. Nh2 d5 17. exd5 Nxd5 18. Nxh5 Nxe3 19. fxe3 Qh3 20. O-O-O Bxd3 21. Qxd3
Rfd8 22. Qe4 Rxd1+ 23. Kxd1 Rd8+ 24. Kc1 Qe6 25. Kb1 Na5 26. Rg1 Nc4 27. Nf3
Qd5 28. Nf6+ Bxf6 29. Qxd5 Rxd5 30. gxf6 g6 31. h5 Nxe3 32. hxg6 fxg6 33. Ng5
Rd1+ 34. Rxd1 Nxd1 35. Kc2 Ne3+ 36. Kd3 Ng4 37. Ke4 Nxf6+ 38. Kxe5 Ne8 39. Ke6
c5 40. Ke7 Nc7 41. Kf6 Kf8 42. Ne4 c4 43. Kxg6 Ke7 44. Kf5 Kd7 45. Ke5 Kc6 46.
Nd2 b5 47. Nf3 Na6 48. Nd4+ Kc5 49. Ne6+ Kb6 50. Kd5 Nb8 51. Nd4 Na6 52. Ne6
Nb8 1/2-1/2

[Event "XVI Weekend A"]
[Site "Ceriano Laghetto ITA"]
[Date "2007.04.01"]
[Round "5"]
[White "Zacco, Remo"]
[Black "Troiani, Mauro"]
[Result "1-0"]
[WhiteElo "2011"]
[BlackElo "2048"]
[PlyCount "119"]
[EventDate "2007.03.30"]

1. e4 c5 2. Nf3 d6 3. c3 Nf6 4. Be2 g6 5. O-O Bg7 6. Re1 O-O 7. Bf1 Nc6 8. h3
Rb8 9. d4 cxd4 10. cxd4 d5 11. e5 Ne8 12. Nc3 e6 13. Bg5 Qd7 14. Qd2 a6 15.
Rac1 b5 16. b3 Bb7 17. Bd3 f6 18. exf6 Bxf6 19. Bxf6 Nxf6 20. Qe3 Rbe8 21. Ne5
Nxe5 22. Qxe5 Qf7 23. f3 Nh5 24. Ne2 Re7 25. a4 bxa4 26. bxa4 Nf4 27. Nxf4 Qxf4
28. Rc3 Qxe5 29. dxe5 Rd8 30. Rc5 Rdd7 31. Ra5 Rc7 32. Bxa6 Bxa6 33. Rxa6 Ra7
34. Rxa7 Rxa7 35. Ra1 Ra5 36. f4 Kf7 37. Kf2 Ke7 38. Ke3 Kd7 39. Kd4 Kc6 40.
Rc1+ Kb6 41. Rb1+ Kc6 42. Ra1 Kb6 43. g3 Ra6 44. g4 Ka5 45. Kc5 Rb6 46. Rf1 Rb3
47. f5 gxf5 48. gxf5 Rc3+ 49. Kd6 exf5 50. Kxd5 Rd3+ 51. Kc5 Rc3+ 52. Kd6 Rd3+
53. Ke6 Rxh3 54. Rf4 Kb6 55. Kxf5 Kc6 56. Rd4 Rf3+ 57. Ke6 Rf8 58. Ke7 Ra8 59.
e6 Ra7+ 60. Kf8 1-0

[Event "Weekend A Aprile"]
[Site "Torino ITA"]
[Date "2007.04.21"]
[Round "3"]
[White "Corgnati, Maurizio"]
[Black "Finocchiaro, Gianluca"]
[Result "0-1"]
[WhiteElo "2195"]
[BlackElo "1939"]
[PlyCount "44"]
[EventDate "2007.04.20"]

1. e4 d6 2. d4 Nf6 3. Bc4 c6 4. Nc3 b5 5. Bb3 b4 6. e5 bxc3 7. exf6 cxb2 8.
fxg7 bxa1=Q 9. gxh8=Q Qa5+ 10. Bd2 Qxd1+ 11. Kxd1 Qh5+ 12. Ne2 Ba6 13. f3 Bxe2+
14. Kxe2 Qg6 15. Kf2 Nd7 16. d5 Nf6 17. g4 O-O-O 18. g5 Bg7 19. Qxd8+ Kxd8 20.
gxf6 Bxf6 21. Ba5+ Kc8 22. dxc6 Qg5 0-1

[Event "Weekend A Aprile"]
[Site "Torino ITA"]
[Date "2007.04.22"]
[Round "5"]
[White "Nardelli, Marco"]
[Black "Ragni, Paolo"]
[Result "0-1"]
[WhiteElo "2149"]
[BlackElo "2159"]
[PlyCount "114"]
[EventDate "2007.04.20"]

1. e4 c5 2. Nf3 Nc6 3. d4 cxd4 4. Nxd4 Nf6 5. Nc3 d6 6. Be2 e5 7. Nb3 Be7 8.
O-O O-O 9. Kh1 a6 10. f4 Qc7 11. Be3 b5 12. Bf3 Rd8 13. Qe1 exf4 14. Bxf4 Ne5
15. Nd4 Bb7 16. Nf5 Bf8 17. Bg5 Nfd7 18. Bxd8 Rxd8 19. Qg3 Nb6 20. Rae1 Kh8 21.
Ne3 Re8 22. Ncd5 Bxd5 23. exd5 Nbc4 24. Nxc4 Qxc4 25. Be4 Qc7 26. Bd3 g6 27.
Qf4 Kg8 28. a4 Rb8 29. axb5 axb5 30. b3 Bg7 31. Qf2 Qb7 32. Qe2 Qxd5 33. Be4
Qc5 34. Rd1 b4 35. Rd5 Qc7 36. Rfd1 Bf8 37. Ra1 f5 38. Bf3 Rc8 39. Ra2 Qc3 40.
Rda5 Rc7 41. Ra7 Be7 42. Rxc7 Qxc7 43. Bd5+ Kg7 44. Qe3 Qc5 45. Qxc5 dxc5 46.
Ra6 Nf7 47. Bxf7 Kxf7 48. Kg1 g5 49. Kf1 h5 50. Ke2 Bf6 51. Kd3 Be5 52. h3 h4
53. Rc6 Bd4 54. Kc4 Kg7 55. Rxc5 Bxc5 56. Kxc5 g4 57. Kxb4 f4 0-1

[Event "Weekend A Aprile"]
[Site "Torino ITA"]
[Date "2007.04.22"]
[Round "5"]
[White "Vozza, Nicola"]
[Black "Finocchiaro, Gianluca"]
[Result "0-1"]
[WhiteElo "1995"]
[BlackElo "1939"]
[PlyCount "78"]
[EventDate "2007.04.20"]

1. d4 Nf6 2. c4 c5 3. d5 b5 4. Nf3 d6 5. Qc2 g6 6. e4 Bg7 7. cxb5 a6 8. Nc3 O-O
9. a4 axb5 10. Bxb5 Na6 11. O-O Nb4 12. Qb1 Bg4 13. Na2 Nxa2 14. Rxa2 Bxf3 15.
gxf3 e6 16. Rd1 exd5 17. exd5 Nh5 18. Qe4 Be5 19. Qg4 f5 20. Qg5 Bf6 21. Qe3
Be5 22. Qg5 Bf6 23. Qe3 Ra7 24. b4 Re7 25. Qb3 Bd4 26. bxc5 Bxc5 27. Be3 Bxe3
28. fxe3 Qb6 29. a5 Qa7 30. Qd3 Rxe3 31. Qd4 Qe7 32. a6 Rxf3 33. a7 Qg5+ 34.
Rg2 Qe7 35. Bc6 Nf4 36. a8=Q Rxa8 37. Bxa8 Rd3 38. Qxf4 Rxd1+ 39. Kf2 Qe1+ 0-1

[Event "XXXIX C.to Italiano a squadre Master"]
[Site "Palermo ITA"]
[Date "2007.04.20"]
[Round "1"]
[White "Amato, Andrea"]
[Black "Bianchini, Luigi"]
[Result "1-0"]
[WhiteElo "2267"]
[BlackElo "1539"]
[PlyCount "55"]
[EventDate "2007.04.20"]

1. e4 c6 2. d4 d5 3. Nc3 dxe4 4. Nxe4 Bf5 5. Ng3 Bg6 6. h4 h6 7. Nf3 Nd7 8. h5
Bh7 9. Bd3 Bxd3 10. Qxd3 e6 11. Bf4 Ngf6 12. O-O-O Nd5 13. Bd2 N7f6 14. Ne5 Bd6
15. f4 Bxe5 16. fxe5 Nd7 17. Ne4 O-O 18. g4 f6 19. exf6 N7xf6 20. g5 Nxe4 21.
Qxe4 Qd6 22. gxh6 Rf4 23. Qg6 Qe7 24. Bxf4 Nxf4 25. Qg4 Qf6 26. Rdf1 Rf8 27.
hxg7 Rf7 28. h6 1-0

[Event "XXXIX C.to Italiano a squadre Master"]
[Site "Palermo ITA"]
[Date "2007.04.20"]
[Round "1"]
[White "Bellini, Fabio"]
[Black "Bentivegna, Francesco"]
[Result "1-0"]
[WhiteElo "2509"]
[BlackElo "2287"]
[PlyCount "51"]
[EventDate "2007.04.20"]

1. e4 e5 2. Nf3 Nc6 3. Bc4 Nf6 4. d3 Be7 5. O-O O-O 6. Re1 d6 7. c3 Kh8 8. Nbd2
Ng8 9. d4 f5 10. dxe5 Nxe5 11. Nxe5 dxe5 12. Nf3 Bd6 13. Bg5 Qe8 14. exf5 Qh5
15. h4 Qg4 16. Nxe5 Qxf5 17. Qd4 b6 18. Re2 Bc5 19. Qd5 Bxf2+ 20. Kh1 h6 21.
Rxf2 Qxf2 22. Ng6+ Kh7 23. Nxf8+ Qxf8 24. Rf1 Qe8 25. Qxa8 hxg5 26. Bxg8+ 1-0

[Event "XXXIX C.to Italiano a squadre Master"]
[Site "Palermo ITA"]
[Date "2007.04.20"]
[Round "1"]
[White "Borgo, Giulio"]
[Black "Mascellani, Marco"]
[Result "1-0"]
[WhiteElo "2418"]
[BlackElo "2305"]
[PlyCount "81"]
[EventDate "2007.04.20"]

1. c4 e5 2. Nc3 Nf6 3. Nf3 d6 4. d4 Nbd7 5. g3 Be7 6. Bg2 O-O 7. O-O c6 8. Qc2
Qc7 9. Rd1 b6 10. b3 Re8 11. Ba3 Bb7 12. dxe5 dxe5 13. Bxe7 Rxe7 14. Nh4 g6 15.
Qd2 Rae8 16. Bh3 Kh8 17. Qg5 e4 18. Bxd7 Nxd7 19. Rd4 e3 20. f4 Nf8 21. Rad1
Bc8 22. Nf3 Kg7 23. Qh4 Bf5 24. g4 Bc2 25. Rc1 Ne6 26. f5 gxf5 27. Rxc2 Nxd4
28. Nxd4 Qf4 29. Nxf5+ Kg8 30. Nxe7+ Rxe7 31. Rc1 Re6 32. Rd1 h5 33. Qg3 Qf6
34. gxh5+ Kh7 35. Rd3 Re8 36. Kh1 Rg8 37. Qf3 Qg7 38. Qf1 Qe5 39. Qxf7+ Rg7 40.
Qf3 Qg5 41. Rd1 1-0

[Event "XXXIX C.to Italiano a squadre Master"]
[Site "Palermo ITA"]
[Date "2007.04.20"]
[Round "1"]
[White "Brunello, Sabino"]
[Black "Ranieri, Fabrizio"]
[Result "1-0"]
[WhiteElo "2454"]
[BlackElo "2243"]
[PlyCount "79"]
[EventDate "2007.04.20"]

1. e4 e6 2. d4 d5 3. e5 c5 4. c3 Nc6 5. Nf3 Qb6 6. a3 Bd7 7. b4 cxd4 8. cxd4
Rc8 9. Bb2 Na5 10. Nbd2 Nc4 11. Nxc4 dxc4 12. Rc1 Qa6 13. d5 exd5 14. Qxd5 b5
15. Be2 Qg6 16. O-O Ne7 17. Qd2 Nf5 18. e6 Bxe6 19. Nd4 Qh6 20. Qxh6 Nxh6 21.
Bf3 f6 22. Nc6 a6 23. Rfe1 Kf7 24. Rcd1 Bf5 25. Nd4 Bd3 26. Bb7 Rb8 27. Bxa6
Bd6 28. Nxb5 Be7 29. Nd4 Rb6 30. Rxd3 cxd3 31. Bc4+ Ke8 32. Bxd3 Kd8 33. Ne6+
Kd7 34. Nxg7 Rg8 35. Bd4 Rd6 36. Nf5 Nxf5 37. Bxf5+ Ke8 38. Bc5 Rd5 39. Bxe7
Kf7 40. Be6+ 1-0